00501nam a2200181 a 4500001001300000003000900013005001700022008004100039020001000080082001800090100001700108245005600125260004500181300000900226500003500235505001000270650003900280nice12345678IN_TiNIC20260116012556.0050524s1988 muma grp 000 0 eng  ac10000a291.172bSIN2 aSingh, Karan aHumanity at the Crossroadb Inter-Cultural Dialogue aMumbai bOxford University Presss c1988 a132p aincludes index and biblioraphy2 aIndex aInterfaith Dialogue-Hindu Buddhist